US Open Tennis Women's Finalists - Statistics

General Stats
  • This quiz has been taken 994 times
    266 since last reset
  • The average score is 34 of 50
Answer Stats
Country Player % Correct
USA Serena Williams
99%
USA Venus Williams
99%
BLR Aryna Sabalenka
96%
JPN Naomi Osaka
94%
POL Iga Swiatek
93%
GBR Emma Raducanu
90%
USA Coco Gauff
88%
GER Steffi Graf
88%
RUS Maria Sharapova
85%
GER Angelique Kerber
83%
USA Martina Navratilova
83%
BEL Justine Henin
82%
DEN Caroline Wozniacki
81%
BEL Kim Clijsters
81%
BEL Kim Clijsters
81%
YUG Monica Seles
81%
USA Chris Evert
80%
SUI Martina Hingis
80%
USA Madison Keys
78%
BLR Victoria Azarenka
78%
CAN Bianca Andreescu
77%
AUS Margaret Court
77%
TUN Ons Jabeur
77%
USA Billie Jean King
75%
ESP Arantxa Sánchez Vicario
74%
USA Lindsay Davenport
72%
USA Sloane Stephens
72%
USA Jessica Pegula
70%
CAN Leylah Fernandez
70%
USA Amanda Anisimova
69%
ITA Flavia Pennetta
69%
AUS Evonne Goolagong
67%
AUS Samantha Stosur
63%
ARG Gabriela Sabatini
60%
USA Tracy Austin
60%
RUS Svetlana Kuznetsova
58%
CZE Karolína Plíšková
57%
GBR Virginia Wade
57%
FRA Mary Pierce
55%
SRB Jelena Janković
53%
TCH Hana Mandlíková
51%
RUS Elena Dementieva
43%
ITA Roberta Vinci
41%
RUS Vera Zvonareva
36%
TCH Helena Suková
31%
AUS Kerry Melville
20%
USA Nancy Richey
20%
AUS Wendy Turnbull
20%
USA Pam Shriver
19%
USA Rosemary Casals
18%
No matching quizzes found
Score Distribution
Percent of People with Each Score
Percentile by Number Answered
Your Score History
You have not taken this quiz since the last reset